| 000 | 00000nam##2200000za#4500 |
| 001 | 9.615775 |
| 003 | CaOODSP |
| 005 | 20210615101300 |
| 007 | ta |
| 008 | 150406|2001||||xxc||||| f|0| 0 eng|d |
| 040 | |aCaOODSP|beng |
| 043 | |an-cn--- |
| 086 | 1 |aH113-2/10-2001E |
| 110 | 1 |aCanada. |bPest Management Regulatory Agency. |
| 245 | 10|aFact sheet on the use of chlorpyrifos in mosquito control programs |
| 260 | |aOttawa - Ontario : |bHealth Canada. |c2001. |
| 300 | |a1 folded sheet. ; |c22 cm. |
| 490 | 1 |aFact sheet |
| 563 | |aPamphlet |
| 590 | |a01-41|b2001-10-12 |
| 690 | 07|aPests|2gcpds |
| 690 | 07|aPesticides|2gcpds |
| 775 | 08|tFiche technique sur l'utilisation du chlorpyrifos dans les programmes de lutte contre les moustiques |w(CaOODSP)9.625794 |
| 776 | 0#|tFact sheet on the use of chlorpyrifos in mosquito control programs |w(CaOODSP)9.572769 |
| 830 | #0|aFact sheet.|w(CaOODSP)9.514698 |